000 03134nam a2200277 a 4500
001 000046416
003 DO-SdBNP
005 20150813114431.0
007 000046416
008 150811d2002 dr ac 000 0 spa d
020 _a9993476242 (v. 5)
040 _aBPMSU
_bspa
_cBPMSU
092 _axxxx
_bxxxx
100 1 _aValle Rojas, Miguel del
245 1 0 _aQué rápido aprendo ortografía /
_cMiguel del Valle Rojas ; ilustraciones Alejandro Juzgado.
260 _aSanto Domingo :
_bActualidad Escolar 2000,
_c[2002].
300 _av. :
_bil., retrs. ;
_c28 cm.
505 0 _gv. 3
_tUso de s, l, r implosivas. Empleo de la d intervocálica --
_tLas combinaciones ca, que, qui, co, cu --
_tSinónimos y antonimos. Uso de la y y la ll --
_tEl fonema /s/. Combinaciones sa, se, si, so, su --
_tOraciones, adivinanzas y palabras homónimas --
_tSílaba y diptongos --
_tSílaba directa, indirecta y mixta --
_tPalabra según el acento --
_tPrefijos y sufijos. Uso de la las letras i y g --
_tPalabras compuestas y familia de palabras. Género y número --
_tEl fonema /g/. Combinaciones con g --
_tUso de r, rr, h, y n antes de v y f --
_tUso de las letras mayúsculas. Sustantivos propios y comunes --
_tSignos de puntuación, exclamación e interrogación --
_tUso de b, v, y m antes de p y b --
_tEscritura de números --
_tMultiplicación de números naturales --
_tEscritura de númeos --
_tPalabras que indican acción (verbos). La oración --
_tEjercicios de repaso --
_gv. 5
_tLetras muyuscula. Signo de puntuación, exclamación e interrogación --
_tEl acento y los recursos literarios. El hiato natural e interrogación --
_tPalabras paróminas, homófonas, homónimas, compuestas, sinónimas y antónimas --
_tUso de la b-v, y-ll --
_tUso de je-ge, ji-gi, r-rr --
_tCombinaciones mb,mp, mn. Uso de d, t, p, n, v --
_tUso de la h --
_tEscritura de números --
_tAdjetivo y adverbio --
_tLa oración. Sujeto, predicado, complementos. El verbo --
_tRedacción de textos --
_gv. 6
_tUso de las letras mayúsculas --
_tUso de los signos de puntuación, interrogación y exclamación --
_tUso de las letras s-c-z-x, b-v, y-ll --
_tUso de las letras h, r, rr, m, d, t, j, g --
_tUso de preposiciones y artículos --
_tClasificación de las palabras por el acento --
_tEl adjetivo y el adverbio --
_tEl verbo. Modos y tiempos --
_tLa oración. Sujeto y predicado --
_tRedacción y ortografía --
505 0 _gv. 8
_tLa oración sintagma nominal --
_tLos signos de puntuación --
_tLos signos de puntuacion (ll) --
_tEl determinante --
_tAcentuación de palabras --
_tPalabras homófenas --
_tEl adjetivo. Clases --
_tEl adjetivo. Clases (ll) --
_tPalabras parónimas --
_tPalabras sinónimas y antónimas --
_tEl nombre o sustantivo. Clases --
_tUso de B Y V --
_tEl pronombre --
_tUso de G Y J --
_tNormas ortograficas de la X --
_tUso de C, S y Z --
_tLas conjuciones --
_tEl verbo --
_tUso de la l, Y, Ll --
_tUso de la H --
700 1 2 _aJuzgado, Alejandro,
_eil.
930 1 _lBND01
_mLF1
_820150811
_f01
_pOI
_g50039
942 _2ddc
_cBK
956 _aDGARCIA
_b10
_c20150811
_lBND01
_h1040
956 _aLOPEREZ
_b10
_c20150812
_lBND01
_h1101
956 _aVMATEO
_b10
_c20150813
_lBPMSU
_h00151
999 _c8197
_d8197